000 01711cam a22005057i 4500
001 2894
003 FISKH
005 20240122151723.0
008 160510s2014 nyuab j 000 1 eng d
010 _a 2016297835
020 _a9780545724142
020 _a0545724147
020 _a9780545708340
020 _a0545708346
020 _a9781408331514
035 _a(OCoLC)ocn897638970
040 _aIHI
_beng
_cIHI
_dOCLCF
_dAU@
_dCNSOA
_dOCLCO
_dOCLCQ
_dOCLCO
_dBDX
_dDLC
_erda
042 _alccopycat
050 0 0 _aPZ7.M507
_bLh 2014
082 0 4 _a823.92
100 1 _aMeadows, Daisy.
245 1 0 _aLibby the writing fairy /
_cby Daisy Meadows.
260 _aNew York :
_bOrchard Books,
_c2014
300 _a72 pages :
_billustrations, map ;
_c20 cm.
336 _atext
_btxt
_2rdacontent
337 _aunmediated
_bn
_2rdamedia
338 _avolume
_bnc
_2rdacarrier
490 1 _aThe magical crafts fairies
490 1 _aRainbow magic
505 _aR
520 _aLibby the writing fairy needs Rachel and Kirsty's help to find her missing notebook in order to help keep Rainspell Island's Arts and Crafts Week on schedule.
521 8 _a760
_bLexile
521 8 _aR
_bRaz-Plus
650 0 _aWriting
_vJuvenile fiction.
650 0 _aFairies
_vJuvenile fiction.
650 0 _aMagic
_vJuvenile fiction.
650 1 _aWriting
_vJuvenile fiction.
650 7 _aFairies.
_2fast
_0(OCoLC)fst00919878
650 7 _aMagic.
_2fast
_0(OCoLC)fst01005468
650 7 _aWriting.
_2fast
_0(OCoLC)fst01181638
655 7 _aFiction.
_2fast
_0(OCoLC)fst01423787
655 7 _aJuvenile works.
_2fast
_0(OCoLC)fst01411637
906 _a7
_bcbc
_ccopycat
_d2
_encip
_f20
_gy-gencatlg
942 _2ddc
_cBK
_n0
999 _c2894
_d2894